000 00455nam a2200145Ia 4500
008 151213s9999 xx 000 0 und d
100 _aআবুল হাসান।
245 _aযে তুমি হরণ করো।
_cআবুল হাসান।
260 _aঢাকা
_bপ্রগতি।
_c1974
300 _a8446 p.
650 _aBangla
650 _aBengali Literature
700 _aআবুল হাসান।
999 _c4284
_d4284